[Event "ICS rated blitz match"]
[Site "204.178.125.65"]
[Date "2000.04.21"]
[Round "?"]
[White "Hossa"]
[Black "MissSilicon"]
[Result "1-0"]
[WhiteElo "2489"]
[BlackElo "2591"]
[PlyCount "221"]
[EventDate "2000.??.??"]

1. e4 e5 2. Nf3 Nc6 3. Nc3 Nf6 4. Nxe5 Nxe5 5. d4 Nc6 6. d5 Ne5 7. f4 d6 8.
fxe5 dxe5 9. Bg5 a6 10. Be2 Bc5 11. Qd2 Qd6 12. Bxf6 Qxf6 13. O-O-O Qg6 14.
Rdf1 Bd7 15. Bd3 O-O 16. Rf3 f6 17. Rhf1 b5 18. h3 Rfe8 19. g4 h5 20. gxh5 Qxh5
21. Rg3 Kh8 22. Qg2 Qh6+ 23. Kb1 Re7 24. Rff3 Kh7 25. Nd1 c6 26. Ne3 cxd5 27.
Nxd5 Rf7 28. b4 Bd6 29. Rf1 Rb8 30. Rg1 Kh8 31. Rg6 Qh7 32. Bf1 Be6 33. Qd2 Rd8
34. c3 Bxh3 35. Bxh3 Qxh3 36. Qd1 Kh7 37. R6g4 Kg8 38. Rh1 Qxh1 39. Qxh1 Bf8
40. Rh4 Rfd7 41. Rh8+ Kf7 42. Kc2 Rd6 43. Qh5+ Ke6 44. Qh7 R6d7 45. Kb1 Kd6 46.
Rg8 Ke6 47. Kb2 Kf7 48. Rh8 Ke6 49. Qh5 Rd6 50. Rg8 R6d7 51. Kb1 Rd6 52. Kc1
R6d7 53. Kb2 Rd6 54. Ka1 R6d7 55. a3 Rd6 56. Kb2 R6d7 57. Kc2 Rd6 58. Kc1 R6d7
59. Kb1 Rd6 60. Kc2 R6d7 61. Kb2 Rd6 62. Kb1 R6d7 63. Ka2 Rd6 64. Ka1 R6d7 65.
Qg6 Kd6 66. Nxf6 gxf6 67. Qxf6+ Kc7 68. Qxe5+ Kb7 69. Kb2 Rc7 70. Qf6 Be7 71.
Qe6 Rd6 72. Qe5 Rd2+ 73. Kb3 Bd6 74. Qh8 Rc6 75. e5 Bc7 76. Qh7 Re2 77. Qd7
Rxe5 78. Ra8 Kxa8 79. Qxc6+ Kb8 80. Qxa6 Rd5 81. a4 bxa4+ 82. Kxa4 Rd6 83. Qc4
Rf6 84. Qg8+ Ka7 85. b5 Rf1 86. c4 Rf4 87. Qe6 Rf1 88. Qc8 Rf7 89. Qg4 Bb6 90.
Qe6 Rc7 91. Kb4 Kb7 92. Qd5+ Ka7 93. Qe5 Kb7 94. Qe6 Rc5 95. Qe4+ Ka7 96. Qe8
Rc7 97. Qg6 Rd7 98. Qe6 Rc7 99. Qf6 Kb7 100. Qe5 Bc5+ 101. Qxc5 Rxc5 102. Kxc5
Kc8 103. Kc6 Kb8 104. b6 Kc8 105. b7+ Kd8 106. b8=Q+ Ke7 107. Qf4 Ke6 108. Qg5
Kf7 109. Kd6 Kf8 110. Ke6 Ke8 111. Qg8# 1-0

[Event "ICS rated blitz match"]
[Site "204.178.125.65"]
[Date "2000.04.21"]
[Round "?"]
[White "MissSilicon"]
[Black "Hossa"]
[Result "0-1"]
[WhiteElo "2570"]
[BlackElo "2510"]
[PlyCount "150"]
[EventDate "2000.??.??"]

1. f4 d5 2. e3 Nf6 3. Nf3 c5 4. d4 Nc6 5. Bb5 cxd4 6. Nxd4 Bd7 7. Bxc6 bxc6 8.
O-O Bg4 9. Qe1 c5 10. Nc6 Qb6 11. Ne5 Bf5 12. c4 e6 13. Qd1 Be7 14. Qa4+ Kf8
15. cxd5 exd5 16. Rd1 Qb7 17. Nc3 Rd8 18. Kf1 Be4 19. a3 Rd6 20. Nxe4 Nxe4 21.
Qc2 Bf6 22. Ng4 Bh4 23. g3 Be7 24. Nf2 Nxf2 25. Kxf2 Rd8 26. Qc3 h5 27. Rd2 h4
28. g4 h3 29. g5 d4 30. exd4 Qg2+ 31. Ke3 Qg1+ 32. Ke4 Rh4 33. Qe3 Qh1+ 34. Qf3
Qe1+ 35. Kd3 Rxf4 36. Qxf4 Rxd4+ 37. Qxd4 cxd4 38. Kc2 Bxg5 39. Rd3 Qf2+ 40.
Bd2 Qxh2 41. Rd1 Qg2 42. Kb1 h2 43. Bxg5 h1=Q 44. Rxh1 Qxh1+ 45. Bc1 Qg1 46.
Kc2 f5 47. Bd2 Kf7 48. Kb3 g5 49. Kc4 f4 50. Bb4 Qc1+ 51. Kxd4 Qxb2+ 52. Kd5
Kg6 53. Rd2 Qb3+ 54. Kc6 g4 55. Rd6+ Kf5 56. Rd5+ Ke4 57. Rd8 Qe6+ 58. Rd6 Qc8+
59. Kb5 f3 60. Be1 Qc1 61. Bg3 Qb2+ 62. Kc4 Qc2+ 63. Kb4 f2 64. Bxf2 Qxf2 65.
Rg6 Qb6+ 66. Rxb6 axb6 67. Kb5 g3 68. a4 g2 69. Kxb6 Kd5 70. Kb5 g1=Q 71. Kb4
Qc1 72. Kb3 Kd4 73. a5 Qb1+ 74. Ka4 Kc4 75. a6 Qa1# 0-1

[Event "ICS rated blitz match"]
[Site "204.178.125.65"]
[Date "2000.04.21"]
[Round "?"]
[White "Hossa"]
[Black "PostModernist"]
[Result "1/2-1/2"]
[WhiteElo "2529"]
[BlackElo "2576"]
[PlyCount "246"]
[EventDate "2000.??.??"]

1. e4 c5 2. Nf3 d6 3. d4 Nf6 4. Nc3 cxd4 5. Nxd4 e6 6. g4 Be7 7. Bb5+ Nfd7 8.
O-O O-O 9. Be3 a6 10. Ba4 Nc5 11. Qf3 b5 12. Bb3 Bb7 13. a3 Nbd7 14. Rad1 Rc8
15. Qg2 Nxb3 16. cxb3 Ne5 17. f4 Ng6 18. f5 Nh4 19. Qd2 e5 20. Nde2 Kh8 21. Rf2
a5 22. Ng3 Bc6 23. Nd5 Bxd5 24. Qxd5 b4 25. a4 h6 26. Nh5 Kh7 27. Qd2 Bg5 28.
Bxg5 Qxg5 29. Qxg5 hxg5 30. f6 g6 31. Ng3 Rc6 32. Nf1 Rfc8 33. Ne3 Rc1 34. Rdf1
R8c5 35. Nc4 R5xc4 36. bxc4 Rxc4 37. Re2 b3 38. Kf2 d5 39. exd5 Rxg4 40. Ke1 e4
41. Kd2 Nf5 42. Kc3 Rh4 43. Rg1 g4 44. Kc4 Kh6 45. Rd1 g3 46. hxg3 Nxg3 47.
Ree1 Kg5 48. d6 Rh8 49. Kxb3 Kf4 50. Rd5 Rd8 51. Red1 e3 52. Kc4 e2 53. Re1 Kf3
54. Rxa5 Kf2 55. Rxe2+ Kxe2 56. Kd5 Ke3 57. Kc6 Ne4 58. d7 Nxf6 59. Re5+ Kd3
60. Re7 Kc4 61. Rxf7 Nxd7 62. Rxd7 Rxd7 63. Kxd7 g5 64. a5 Kb5 65. b4 g4 66. a6
Kb6 67. b5 g3 68. a7 Kb7 69. b6 g2 70. a8=Q+ Kxa8 71. Kc7 g1=Q 72. b7+ Ka7 73.
b8=Q+ Ka6 74. Qc8+ Kb5 75. Qd8 Kc4 76. Qe8 Qa7+ 77. Kd6 Qc5+ 78. Ke6 Qd5+ 79.
Kf6 Qf3+ 80. Kg6 Qg2+ 81. Kh6 Qd2+ 82. Kh7 Qh2+ 83. Kg8 Qg1+ 84. Kh8 Kc3 85.
Qf8 Kd2 86. Qf7 Qg5 87. Qh7 Qd8+ 88. Kg7 Qe7+ 89. Kh6 Qe3+ 90. Kg7 Qe5+ 91. Kh6
Qf4+ 92. Kg7 Qc7+ 93. Kh6 Qh2+ 94. Kg7 Qg1+ 95. Kh6 Qh1+ 96. Kg7 Qa1+ 97. Kh6
Qf6+ 98. Kh5 Qe5+ 99. Kh6 Qd4 100. Qf7 Qe3+ 101. Kh7 Qh3+ 102. Kg8 Qg2+ 103.
Kh8 Qg4 104. Qh7 Qg5 105. Qh3 Qf6+ 106. Kg8 Qg6+ 107. Kh8 Qe8+ 108. Kg7 Qe7+
109. Kh6 Qf6+ 110. Kh7 Qf7+ 111. Kh8 Qe7 112. Qh2+ Kc3 113. Qh1 Qf8+ 114. Kh7
Qf7+ 115. Kh8 Qf6+ 116. Kg8 Qd8+ 117. Kh7 Qd3+ 118. Kh8 Qd4+ 119. Kg8 Qc4+ 120.
Kh8 Qc8+ 121. Kg7 Qd7+ 122. Kh6 Qe6+ 123. Kh7 Qd7+ 1/2-1/2

[Event "ICS rated blitz match"]
[Site "204.178.125.65"]
[Date "2000.04.21"]
[Round "?"]
[White "Hossa"]
[Black "PostModernist"]
[Result "1/2-1/2"]
[WhiteElo "2524"]
[BlackElo "2565"]
[PlyCount "243"]
[EventDate "2000.??.??"]

1. e4 c6 2. d4 d5 3. Nc3 dxe4 4. Nxe4 Nd7 5. Ng5 Nb6 6. Bd3 g6 7. N1f3 Bg7 8.
O-O Nh6 9. c3 O-O 10. Ne4 Nf5 11. Ne5 Bxe5 12. dxe5 Qd5 13. Bf4 Nc4 14. Bxc4
Qxe4 15. Qa4 Be6 16. Bb3 Qxa4 17. Bxa4 h6 18. Bc2 Kg7 19. Rfd1 g5 20. Bxf5 Bxf5
21. Be3 a5 22. Bb6 Ra6 23. Bc5 Re8 24. Rd4 b6 25. Ba3 c5 26. Rd2 f6 27. Re1
Raa8 28. c4 Rad8 29. Rde2 Bg6 30. b3 f5 31. e6 Rd6 32. Bb2+ Kh7 33. Be5 Rc6 34.
Bc3 Rd8 35. Rd2 Rxd2 36. Bxd2 f4 37. h4 Rd6 38. Bc1 Bf5 39. hxg5 hxg5 40. g3 a4
41. f3 Bc2 42. gxf4 axb3 43. axb3 Bxb3 44. f5 Rd8 45. Bxg5 Rg8 46. f4 Bxc4 47.
Kf2 Re8 48. Re3 Bd5 49. Ke1 c4 50. Re5 Bc6 51. Kd2 Ba4 52. f6 exf6 53. Bxf6 Rf8
54. Bg5 Be8 55. f5 b5 56. f6 Rh8 57. f7 Bxf7 58. exf7 Rf8 59. Rxb5 Kg6 60. Rc5
Rxf7 61. Be3 Rd7+ 62. Kc1 Rd3 63. Bg5 Rd4 64. Bd2 Rh4 65. Bc3 Re4 66. Kb1 Kf7
67. Rc6 Rf4 68. Bb2 Rg4 69. Rf6+ Ke7 70. Ra6 Kd7 71. Ba3 c3 72. Kc2 Rc4 73. Rh6
Kc8 74. Be7 Kd7 75. Bf6 Rc6 76. Rh7+ Ke6 77. Bd4 Kf5 78. Rh1 Kf4 79. Rh8 Kf3
80. Rf8+ Kg2 81. Rf7 Rc8 82. Rf6 Kg3 83. Be5+ Kg2 84. Rf7 Re8 85. Rg7+ Kf3 86.
Rg3+ Kf2 87. Rg5 Ke3 88. Bf6 Kf4 89. Rc5 Kf3 90. Be5 Kg2 91. Rd5 Kf3 92. Rb5
Rc8 93. Rb1 Kg2 94. Rb6 Kf3 95. Bg7 Rc7 96. Bd4 Rc8 97. Rb7 Rf8 98. Re7 Rc8 99.
Bg7 Rd8 100. Rc7 Ke2 101. Bh6 Rh8 102. Bf4 Rf8 103. Re7+ Kf2 104. Be5 Rc8 105.
Bc7 Rf8 106. Bb6+ Kg2 107. Rg7+ Kf3 108. Rd7 Rf6 109. Bc5 Rc6 110. Bb4 Ke4 111.
Rd8 Ke3 112. Ba5 Ke4 113. Rh8 Rd6 114. Re8+ Kf3 115. Rc8 Rd2+ 116. Kc1 Rh2 117.
Rc4 Ke3 118. Bb6+ Kd3 119. Rd4+ Ke2 120. Rd1 Kf3 121. Rg1 Rh3 122. Kd1 1/2-1/2

[Event "ICS rated blitz match"]
[Site "204.178.125.65"]
[Date "2000.04.21"]
[Round "?"]
[White "Hossa"]
[Black "occam"]
[Result "0-1"]
[WhiteElo "2526"]
[BlackElo "2319"]
[PlyCount "116"]
[EventDate "2000.??.??"]

1. e4 e5 2. Nf3 Nc6 3. Nc3 Nf6 4. Nxe5 Nxe5 5. d4 Nc6 6. d5 Ne5 7. f4 Ng6 8. e5
Ng8 9. d6 cxd6 10. exd6 Qa5 11. h4 h5 12. Qd3 a6 13. Bd2 Qc5 14. Qe4+ Kd8 15.
Na4 f5 16. Nxc5 fxe4 17. Nxe4 b5 18. Bd3 Rh6 19. Ng5 Nh8 20. Be4 Rb8 21. Ba5+
Ke8 22. Bc7 Bxd6 23. Bxb8 Bxb8 24. g3 Nf6 25. Ba8 Ba7 26. Kf1 Ng4 27. Re1+ Kd8
28. Rc1 Ne3+ 29. Ke2 d5 30. Rhe1 Kc7 31. Kd2 Nc4+ 32. Kc3 Nb6 33. Re7+ Kb8 34.
Rxg7 Nxa8 35. Rf1 Nb6 36. Re7 Rc6+ 37. Kb3 Ng6 38. Re2 a5 39. f5 Nf8 40. Rf3
Nc4 41. Rd3 d4 42. Re8 Nd6 43. Rxc8+ Kxc8 44. a3 a4+ 45. Ka2 Rxc2 46. Kb1 Rf2
47. Ne6 Nxe6 48. fxe6 Kd8 49. Rd1 Nc4 50. g4 hxg4 51. Kc1 Ke7 52. h5 Ne3 53.
Rd3 g3 54. Kb1 g2 55. Ka2 Rf1 56. Rxe3 dxe3 57. h6 g1=Q 58. b3 Rf2# {
Hossa checkmated} 0-1

[Event "ICS rated standard match"]
[Site "204.178.125.65"]
[Date "2000.04.21"]
[Round "?"]
[White "CambridgePatzer"]
[Black "Hossa"]
[Result "0-1"]
[WhiteElo "2053"]
[BlackElo "2332"]
[PlyCount "38"]
[EventDate "2000.??.??"]

1. e4 e5 2. Nf3 Nc6 3. Bb5 a6 4. Ba4 Nf6 5. O-O Be7 6. Re1 b5 7. Bb3 d6 8. c3
O-O 9. h3 Bb7 10. d4 Re8 11. Nbd2 Bf8 12. a4 h6 13. d5 Ne7 14. Nh2 c6 15. Ng4
Nxg4 16. Qxg4 cxd5 17. exd5 Bxd5 18. Bxd5 Nxd5 19. Nf3 Nf6 0-1

[Event "ICS rated standard match"]
[Site "204.178.125.65"]
[Date "2000.04.21"]
[Round "?"]
[White "Hossa"]
[Black "CambridgePatzer"]
[Result "1-0"]
[WhiteElo "2337"]
[BlackElo "2052"]
[PlyCount "23"]
[EventDate "2000.??.??"]

1. e4 c5 2. Nf3 d6 3. d4 cxd4 4. Nxd4 Nf6 5. Nc3 a6 6. Bg5 e6 7. f4 Be7 8. Qf3
Nbd7 9. Nb3 h6 10. Bxf6 Bxf6 11. O-O-O b5 12. e5 1-0

[Event "ICS rated standard match"]
[Site "204.178.125.65"]
[Date "2000.04.21"]
[Round "?"]
[White "PostModernist"]
[Black "Hossa"]
[Result "1-0"]
[WhiteElo "2397"]
[BlackElo "2342"]
[PlyCount "105"]
[EventDate "2000.??.??"]

1. e4 d5 2. exd5 Nf6 3. Nf3 Nxd5 4. d4 Bf5 5. Be2 Nc6 6. O-O e6 7. a3 Bd6 8.
Bb5 Nde7 9. c4 a6 10. Ba4 Bg4 11. c5 Bxf3 12. Qxf3 Bxh2+ 13. Kxh2 Qxd4 14.
Bxc6+ Nxc6 15. Qf4 e5 16. Qg3 O-O 17. Bh6 e4 18. Nc3 Rfe8 19. Be3 Qe5 20. Rad1
Rac8 21. Rd5 Qxg3+ 22. Kxg3 Re6 23. Rfd1 h6 24. Rd7 b6 25. Nd5 bxc5 26. Bxc5
Re5 27. b4 Rg5+ 28. Kh2 a5 29. bxa5 Ne5 30. Ne7+ Kh7 31. Nxc8 Nxd7 32. Rxd7
Rxc5 33. a6 Rh5+ 34. Kg3 Ra5 35. a7 Rxa3+ 36. Kh2 c6 37. Rxf7 Ra5 38. Rc7 Rh5+
39. Kg3 Rg5+ 40. Kf4 Ra5 41. Nb6 e3 42. fxe3 c5 43. a8=Q Rxa8 44. Nxa8 Kg6 45.
Rxc5 Kf7 46. Rc6 Kg8 47. Kf5 Kh7 48. Nc7 h5 49. Ne6 g6+ 50. Kf6 Kh6 51. Rc8 Kh7
52. Ng5+ Kh6 53. Rh8# {Hossa checkmated} 1-0

[Event "ICS rated bullet match"]
[Site "204.178.125.65"]
[Date "2000.04.21"]
[Round "?"]
[White "Hossa"]
[Black "JSBach"]
[Result "1-0"]
[WhiteElo "2293"]
[BlackElo "1975"]
[PlyCount "67"]
[EventDate "2000.??.??"]

1. e4 e6 2. d4 Qh4 3. Nd2 Be7 4. Ngf3 Qg4 5. h3 Qf4 6. Bd3 Bb4 7. c3 Be7 8. Nc4
Qxc1 9. Rxc1 b5 10. Ne3 Bb7 11. Bxb5 Bxe4 12. Nd2 Bg6 13. h4 c6 14. h5 cxb5 15.
hxg6 fxg6 16. Qe2 a6 17. d5 e5 18. Nc2 d6 19. Qg4 Nd7 20. Rxh7 Rxh7 21. Qxg6+
Kf8 22. Qxh7 Nb6 23. Qf5+ Bf6 24. Qe6 Ne7 25. Ne3 Nec8 26. Ne4 Be7 27. Qf5+ Kg8
28. Qh5 Rb8 29. Qe8+ Kh7 30. Ke2 Bh4 31. Rh1 g5 32. Nf6+ Kg7 33. Nf5+ Kxf6 34.
Qe6# {JSBach checkmated} 1-0

[Event "ICS rated standard match"]
[Site "204.178.125.65"]
[Date "2000.04.21"]
[Round "?"]
[White "le-tigre"]
[Black "Hossa"]
[Result "0-1"]
[WhiteElo "2200"]
[BlackElo "2329"]
[PlyCount "58"]
[EventDate "2000.??.??"]

1. e4 e5 2. Nf3 Nc6 3. d4 exd4 4. Nxd4 Bc5 5. Nxc6 Qf6 6. Qd2 dxc6 7. Nc3 Be6
8. Na4 Rd8 9. Bd3 Bd4 10. O-O b5 11. c3 bxa4 12. cxd4 Qxd4 13. Qg5 h6 14. Qg3
a3 15. Be3 Qxd3 16. Qxg7 axb2 17. Rab1 f6 18. Qxh8 Qc2 19. Bxh6 Bxa2 20. e5 Kd7
21. exf6 Bxb1 22. f7 Qc4 23. Rd1+ Bd3 24. fxg8=Q Rxg8 25. Qxb2 Rxg2+ 26. Kxg2
Qg4+ 27. Kh1 Qxd1+ 28. Kg2 Qg4+ 29. Kh1 Be4+ {le-tigre resigns} 0-1

[Event "ICS rated blitz match"]
[Site "204.178.125.65"]
[Date "2000.04.21"]
[Round "?"]
[White "Ppizarro"]
[Black "Hossa"]
[Result "0-1"]
[WhiteElo "2214"]
[BlackElo "2495"]
[PlyCount "82"]
[EventDate "2000.??.??"]

1. Nf3 d5 2. a3 Nf6 3. d4 Nbd7 4. Bg5 Ne4 5. Bh4 h6 6. Nbd2 g5 7. Bg3 Nxg3 8.
hxg3 Bg7 9. e3 e5 10. dxe5 Nxe5 11. Nxe5 Bxe5 12. c3 Be6 13. Nf3 Bg7 14. Qa4+
c6 15. Bd3 b5 16. Qc2 h5 17. e4 Qe7 18. Kf1 O-O-O 19. a4 dxe4 20. Bxe4 Rh6 21.
axb5 cxb5 22. Nd4 Bxd4 23. cxd4+ Bc4+ 24. Kg1 Rxd4 25. Bf3 Kb8 26. Rxh5 Rxh5
27. Bxh5 Qd8 28. b3 Bd3 29. Qc5 Rd7 30. Bf3 Rc7 31. Qb6+ Kc8 32. Qa6+ Kb8 33.
Qb6+ Kc8 34. Qa6+ Kb8 35. Rd1 Qd4 36. Qxb5+ Bxb5 37. Rxd4 Rc3 38. Bd5 Rc7 39.
f4 g4 40. Kf2 Rc2+ 41. Ke3 Re2# {Ppizarro checkmated} 0-1

[Event "ICS rated blitz match"]
[Site "204.178.125.65"]
[Date "2000.04.21"]
[Round "?"]
[White "lupica"]
[Black "Hossa"]
[Result "0-1"]
[WhiteElo "2120"]
[BlackElo "2500"]
[PlyCount "46"]
[EventDate "2000.??.??"]

1. e4 e5 2. Nf3 Nc6 3. Bb5 a6 4. Ba4 Nf6 5. O-O Be7 6. Bxc6 dxc6 7. d3 Nd7 8.
Nbd2 O-O 9. Nc4 f6 10. d4 exd4 11. Nxd4 Ne5 12. Nxe5 fxe5 13. Nb3 Be6 14. Be3
Bc4 15. Qxd8 Raxd8 16. Rfd1 b6 17. f3 Bh4 18. Bf2 Bg5 19. Rxd8 Rxd8 20. Re1 a5
21. h4 Bh6 22. Nc1 Rd2 23. b3 Rxc2 {lupica resigns} 0-1

[Event "ICS rated blitz match"]
[Site "204.178.125.65"]
[Date "2000.04.21"]
[Round "?"]
[White "Hossa"]
[Black "lupica"]
[Result "1/2-1/2"]
[WhiteElo "2503"]
[BlackElo "2117"]
[PlyCount "119"]
[EventDate "2000.??.??"]

1. e4 c5 2. Nf3 d6 3. d4 cxd4 4. Nxd4 Nf6 5. Nc3 e6 6. Be2 Be7 7. O-O O-O 8. f4
a6 9. Be3 Qc7 10. Qd2 b5 11. e5 Ne8 12. Bf3 Bb7 13. g3 Bxf3 14. Nxf3 Nc6 15.
Qf2 dxe5 16. Bb6 Qb8 17. Nxe5 Nxe5 18. fxe5 Qxe5 19. Rae1 Qh5 20. Ne2 Rc8 21.
Nf4 Qf5 22. Re2 Bc5 23. Bxc5 Qxc5 24. Qxc5 Rxc5 25. Nd3 Rc7 26. Rd1 Nf6 27. Ne5
h6 28. Rd6 Ra8 29. c3 a5 30. Rb6 b4 31. c4 Nd7 32. Rc6 Rxc6 33. Nxc6 Ra6 34.
Ne5 Nxe5 35. Rxe5 Kf8 36. Kf2 Ke7 37. Rb5 Ra7 38. Ke2 Kd6 39. a3 bxa3 40. bxa3
Kc6 41. g4 f6 42. h4 e5 43. a4 Rd7 44. g5 hxg5 45. hxg5 Rd4 46. gxf6 gxf6 47.
Rxa5 Rxc4 48. Ra6+ Kd5 49. Rxf6 Rxa4 50. Rf3 Ra2+ 51. Ke1 Kd4 52. Rg3 e4 53.
Rh3 Ra1+ 54. Ke2 Ra2+ 55. Ke1 Ra1+ 56. Ke2 Ra2+ 57. Ke1 e3 58. Rh5 Ra1+ 59. Ke2
Ra2+ 60. Ke1 1/2-1/2

[Event "ICS rated standard match"]
[Site "204.178.125.65"]
[Date "2000.04.21"]
[Round "?"]
[White "Hossa"]
[Black "graf1"]
[Result "1-0"]
[WhiteElo "2329"]
[BlackElo "2000"]
[PlyCount "43"]
[EventDate "2000.??.??"]

1. e4 c5 2. Nf3 e6 3. d4 cxd4 4. Nxd4 a6 5. Nc3 d6 6. Bd3 Nf6 7. f4 Nc6 8. Nxc6
bxc6 9. e5 Nd5 10. Ne4 dxe5 11. fxe5 Qb6 12. c3 Be7 13. Nd6+ Bxd6 14. exd6 Qc5
15. c4 Nb4 16. Be2 Qf5 17. Rf1 Qg6 18. Kf2 Bd7 19. a3 Nc2 20. Bd3 Qf6+ 21. Kg3
Ne3 22. Bxe3 {graf1 resigns} 1-0

[Event "ICS rated blitz match"]
[Site "204.178.125.65"]
[Date "2000.04.21"]
[Round "?"]
[White "sm"]
[Black "Hossa"]
[Result "1/2-1/2"]
[WhiteElo "2526"]
[BlackElo "2490"]
[PlyCount "83"]
[EventDate "2000.??.??"]

1. e4 e5 2. Nf3 Nc6 3. Bb5 a6 4. Ba4 Nf6 5. O-O Be7 6. Re1 b5 7. Bb3 O-O 8. c3
d5 9. exd5 Nxd5 10. Nxe5 Nxe5 11. Rxe5 c6 12. d3 Bd6 13. Re1 Bf5 14. a4 Qc7 15.
g3 Rae8 16. Rxe8 Rxe8 17. axb5 axb5 18. Na3 Be6 19. c4 bxc4 20. Nxc4 Bh3 21.
Ne3 Nf6 22. Bd2 Qb7 23. Ba4 Ra8 24. Rc1 Ra6 25. b3 c5 26. Rc4 Qe7 27. Bc3 Be5
28. Bxe5 Qxe5 29. d4 cxd4 30. Qxd4 Qe7 31. Qh4 Be6 32. Rc1 Qd8 33. Rd1 Rd6 34.
Rxd6 Qxd6 35. Qg5 Qd2 36. Qe5 Qe1+ 37. Kg2 Bd5+ 38. Kh3 Be6+ 39. Kg2 Bd5+ 40.
Kh3 Be6+ 41. Kg2 Bd5+ 42. Kh3 1/2-1/2

[Event "ICS rated standard match"]
[Site "204.178.125.65"]
[Date "2000.04.21"]
[Round "?"]
[White "Hossa"]
[Black "satriani"]
[Result "1-0"]
[WhiteElo "2329"]
[BlackElo "2154"]
[PlyCount "46"]
[EventDate "2000.??.??"]

1. e4 e6 2. d4 d5 3. Nc3 Bb4 4. e5 c5 5. a3 cxd4 6. axb4 dxc3 7. Qg4 Ne7 8.
Qxg7 Rg8 9. Qxh7 cxb2 10. Bxb2 Nbc6 11. b5 Na5 12. Nf3 b6 13. Ba3 Bb7 14. Bd6
Kd7 15. Qxf7 Rf8 16. Qg7 Rg8 17. Qf6 Rf8 18. Qh6 Rh8 19. Qf4 Rf8 20. Qb4 Rg8
21. h3 Rc8 22. Nd4 Nc4 23. Rxa7 Nxd6 {satriani resigns} 1-0

[Event "ICS rated blitz match"]
[Site "204.178.125.65"]
[Date "2000.04.21"]
[Round "?"]
[White "Hossa"]
[Black "Weezer"]
[Result "0-1"]
[WhiteElo "2492"]
[BlackElo "2739"]
[PlyCount "112"]
[EventDate "2000.??.??"]

1. e4 c5 2. Nf3 d6 3. d4 cxd4 4. Nxd4 Nf6 5. Nc3 a6 6. Bg5 e5 7. Nf3 Be7 8. Bd3
h6 9. Bxf6 Bxf6 10. Nd5 O-O 11. O-O Be6 12. Bc4 Nc6 13. Qd3 Rc8 14. c3 Re8 15.
Rfd1 Na5 16. Nxf6+ Qxf6 17. Bxe6 Rxe6 18. Nd2 Qf4 19. g3 Qg5 20. b3 Rg6 21. b4
Nc6 22. Nc4 Rd8 23. Nb6 Qf4 24. Nd5 Qh4 25. Qe2 Qg5 26. b5 axb5 27. Qxb5 Rb8
28. Rab1 Qg4 29. Qd3 Qh5 30. Rb6 Qg5 31. Qb1 Ne7 32. Rxb7 Rxb7 33. Qxb7 Nxd5
34. exd5 Qg4 35. Ra1 Rf6 36. a4 Qf3 37. Qb8+ Kh7 38. Qb1+ g6 39. Qb6 Qxc3 40.
Rf1 Qf3 41. Qb5 e4 42. Qb6 Qd3 43. Qb7 Rf5 44. Qe7 Qxd5 45. h3 Kg7 46. g4 Rf3
47. Qe8 Rxh3 48. Qc8 Qe5 49. Re1 Qh2+ 50. Kf1 Qh1+ 51. Ke2 Qf3+ 52. Kd2 Qxf2+
53. Kd1 Rd3+ 54. Kc1 Qd2+ 55. Kb1 Rb3+ 56. Ka1 Qb2# {Hossa checkmated} 0-1

[Event "ICS rated blitz match"]
[Site "204.178.125.65"]
[Date "2000.04.21"]
[Round "?"]
[White "Weezer"]
[Black "Hossa"]
[Result "1-0"]
[WhiteElo "2745"]
[BlackElo "2486"]
[PlyCount "113"]
[EventDate "2000.??.??"]

1. d4 Nf6 2. c4 d6 3. Nc3 e5 4. Nf3 Nbd7 5. e4 Be7 6. Be2 O-O 7. O-O c6 8. Re1
Re8 9. Bf1 Bf8 10. d5 Be7 11. dxc6 bxc6 12. g3 Rb8 13. Nh4 Nc5 14. Nf5 Bxf5 15.
exf5 Qa5 16. Rb1 Qb4 17. Bg5 Rbd8 18. Qe2 a5 19. a3 Qb3 20. h3 Nfd7 21. Bxe7
Rxe7 22. Bg2 Nb8 23. Red1 a4 24. Ne4 Nxe4 25. Bxe4 Ra7 26. f6 g6 27. Bg2 Rad7
28. Rbc1 Qb7 29. Qe3 Kh8 30. Rb1 Na6 31. b3 axb3 32. Rxb3 Qa8 33. Rb6 Nb8 34.
Rdb1 Rg8 35. c5 d5 36. Qxe5 Na6 37. a4 Rc8 38. a5 Kg8 39. Bf1 Nc7 40. a6 d4 41.
Bg2 Re8 42. Qxe8+ Qxe8 43. Bxc6 Kf8 44. Bxd7 Qxd7 45. Rb8+ Ne8 46. Re1 d3 47.
Rexe8+ Qxe8 48. a7 d2 49. Rxe8+ Kxe8 50. a8=Q+ Kd7 51. Qd5+ Kc8 52. Qxd2 g5 53.
Qd6 Kb7 54. Qb6+ Kc8 55. c6 h5 56. Qb7+ Kd8 57. Qb8# {Hossa checkmated} 1-0

[Event "ICS rated blitz match"]
[Site "204.178.125.65"]
[Date "2000.04.21"]
[Round "?"]
[White "Hossa"]
[Black "Baxpace"]
[Result "0-1"]
[WhiteElo "2480"]
[BlackElo "2492"]
[PlyCount "76"]
[EventDate "2000.??.??"]

1. e4 e5 2. Nf3 Nc6 3. Bc4 Bc5 4. d3 Nf6 5. Ng5 O-O 6. Nd2 h6 7. Ngf3 d5 8.
exd5 Nxd5 9. Ne4 Be7 10. O-O Bg4 11. c3 Nb6 12. Bb5 Qd5 13. c4 Qe6 14. Bxc6
bxc6 15. Be3 Rfd8 16. c5 Nd5 17. h3 Bxf3 18. Qxf3 f5 19. Nd2 f4 20. Ne4 fxe3
21. fxe3 Nb4 22. Nf2 Nxd3 23. Nxd3 Rxd3 24. b4 a5 25. a3 Bg5 26. Rae1 Rxa3 27.
bxa5 R3xa5 28. Rb1 Rxc5 29. e4 Rb5 30. Rbe1 Rb2 31. Rd1 Raa2 32. Qf8+ Kh7 33.
Qf5+ Qxf5 34. Rxf5 Rxg2+ 35. Kh1 Be3 36. Rd2 Raxd2 37. Rf2 Rgxf2 38. Kg1 Rd1# {
Hossa checkmated} 0-1

[Event "ICS rated blitz match"]
[Site "204.178.125.65"]
[Date "2000.04.21"]
[Round "?"]
[White "MissSilicon"]
[Black "Hossa"]
[Result "1-0"]
[WhiteElo "2564"]
[BlackElo "2465"]
[PlyCount "157"]
[EventDate "2000.??.??"]

1. e4 e5 2. Nf3 Nc6 3. Bb5 a6 4. Ba4 Nf6 5. O-O Be7 6. Re1 b5 7. Bb3 O-O 8. c3
d5 9. d3 dxe4 10. dxe4 Qxd1 11. Rxd1 Nxe4 12. Re1 Nf6 13. Nxe5 Nxe5 14. Rxe5
Bd6 15. Re1 Bf5 16. Bg5 Ne4 17. Bc2 Nxg5 18. Bxf5 Rad8 19. h4 Ne6 20. a4 Nc5
21. axb5 axb5 22. b4 Na4 23. g3 c5 24. bxc5 Nxc5 25. Bc2 Ne6 26. Ra6 Nc7 27.
Rc6 Nd5 28. Rd1 Be7 29. Bb3 Nf6 30. Re1 Rfe8 31. Rc7 Kf8 32. Rb7 Ng8 33. Re5
Nf6 34. Kg2 Ra8 35. Rbxb5 Ng4 36. Rf5 Bf6 37. Kh3 h5 38. Rxh5 Nxf2+ 39. Kg2 Nd3
40. Rb7 Re2+ 41. Kf3 g6 42. Kxe2 Nc1+ 43. Kd1 Nxb3 44. Rh7 Nc5 45. Rbxf7+ Kg8
46. Rc7 Ra1 47. Rh6 Kf8 48. Rxg6 Be7 49. Kc1 Nd3+ 50. Kc2 Ne5 51. Re6 Bd8 52.
Rc8 Nf7 53. Rf6 Kg7 54. Rxf7+ Kxf7 55. Rxd8 Ra2+ 56. Kb3 Re2 57. g4 Rg2 58. g5
Ke7 59. Rd2 Rg1 60. Re2+ Kf8 61. Nd2 Rh1 62. Rf2+ Kg8 63. Rf4 Kh8 64. c4 Rh3+
65. Kc2 Ra3 66. c5 Kg7 67. h5 Rh3 68. h6+ Kg6 69. Nf3 Rh1 70. Rh4 Ra1 71. h7
Ra8 72. h8=Q Rxh8 73. Rxh8 Kf7 74. c6 Ke6 75. c7 Kd6 76. c8=Q Kd5 77. Rf8 Kd6
78. Rd8+ Ke7 79. Qd7# {Hossa checkmated} 1-0

[Event "ICS rated standard match"]
[Site "204.178.125.65"]
[Date "2000.04.21"]
[Round "?"]
[White "Hossa"]
[Black "Falke"]
[Result "1/2-1/2"]
[WhiteElo "2322"]
[BlackElo "2439"]
[PlyCount "119"]
[EventDate "2000.??.??"]

1. e4 e5 2. Nf3 Nf6 3. Nxe5 d6 4. Nf3 Nxe4 5. d4 d5 6. Bd3 Nc6 7. O-O Bg4 8. c3
Bd6 9. Re1 O-O 10. Bxe4 dxe4 11. Rxe4 Qd7 12. Nbd2 Rfe8 13. d5 Rxe4 14. Nxe4
Re8 15. Neg5 Nd8 16. h3 Bh5 17. g4 Bxg4 18. hxg4 Qxg4+ 19. Kf1 h6 20. Qd4 Qf5
21. Nh4 Qd7 22. Ng2 hxg5 23. Bxg5 Qh3 24. Qh4 Qd3+ 25. Kg1 Re4 26. Bf4 f6 27.
Qh5 Bxf4 28. Nxf4 Qc4 29. Kh2 Re5 30. Qg4 Rg5 31. Qh4 Rf5 32. Ng6 Qxh4+ 33.
Nxh4 Rxf2+ 34. Ng2 Rxb2 35. a4 Nf7 36. a5 Ne5 37. a6 b6 38. Kg3 Rc2 39. Ra3 Nc4
40. Rb3 Nd2 41. Rb4 Rxc3+ 42. Kf2 Ra3 43. Nf4 Kf7 44. Ne6 c5 45. Rh4 Rd3 46.
Nc7 Nf3 47. Rh8 Ne5 48. Ra8 Rd2+ 49. Kf1 Nf3 50. Rxa7 Nh2+ 51. Ke1 Nf3+ 52. Kf1
Nh2+ 53. Ke1 Nf3+ 54. Kf1 Kg6 55. Rb7 Kf5 56. a7 Nh2+ 57. Ke1 Nf3+ 58. Kf1 Nh2+
59. Ke1 Nf3+ 60. Kf1 1/2-1/2

[Event "ICS rated blitz match"]
[Site "204.178.125.65"]
[Date "2000.04.21"]
[Round "?"]
[White "Hossa"]
[Black "janderson"]
[Result "1-0"]
[WhiteElo "2453"]
[BlackElo "2237"]
[PlyCount "74"]
[EventDate "2000.??.??"]

1. e4 c6 2. d4 d5 3. Nc3 dxe4 4. Nxe4 Nf6 5. Nxf6+ gxf6 6. c3 Bf5 7. Nf3 Qc7 8.
Nh4 Bg6 9. Be3 e6 10. a4 Be4 11. f3 Bg6 12. a5 Bd6 13. g3 Nd7 14. a6 b6 15. Bg2
O-O-O 16. f4 Rhe8 17. b4 e5 18. O-O exd4 19. Bxd4 Be4 20. Bxe4 Rxe4 21. Qh5
Bxb4 22. Qxh7 Rde8 23. Qxf7 R4e7 24. Qg6 Bd6 25. Nf5 Re2 26. Bxf6 Nxf6 27. Qxf6
Bc5+ 28. Nd4 Rf8 29. Qxf8+ Bxf8 30. Nxe2 Bc5+ 31. Kg2 Qe7 32. Ra2 Qe4+ 33. Rf3
Qb1 34. Rd2 b5 35. Rfd3 Qe1 36. Nd4 b4 37. Nf3 b3 {janderson resigns} 1-0